=LDR 00000nam 2200000 4500 =001 INLIS000000000025293 =005 20130612123821 =008 ***********************************ind** =035 ##$$0010-061300000025293 =041 ##$$a ind =082 ##$$a 372.6 =090 ##$$a 372.6, NUR i =100 ##$$a Nurachmat, Memet =245 ##$$a Ilmu pengetahuan sosial, lingkungan sosial dan ilmu bumi, Memet Nurachmat =260 ##$$a 1997 $b Jakarta =300 ##$$a x, 186 hlm., ilus., 24 cm =850 ##$$a NBPNMAT